[Event "Tata Steel India Blitz w"]
[Site "Kolkata IND"]
[Date "2024.11.17"]
[Round "12.4"]
[White "Koneru, Humpy"]
[Black "Dzagnidze, Nana"]
[Result "0-1"]
[WhiteTitle "GM"]
[BlackTitle "GM"]
[WhiteElo "2530"]
[BlackElo "2518"]
[WhiteFideId "5008123"]
[BlackFideId "13601903"]
[EventDate "2024.11.16"]

1. d4 Nf6 2. c4 e6 3. Nf3 d5 4. Nc3 Nbd7 5. Bg5 h6 6. Bh4 Bb4 7. e3 g5 8. Bg3
Ne4 9. Nd2 Nxc3 10. bxc3 Bxc3 11. Rc1 Ba5 12. h4 c6 13. hxg5 Qxg5 14. Bd3 h5 15.
Kf1 Bxd2 16. Qxd2 h4 17. Bf4 Qg7 18. cxd5 exd5 19. e4 Nb6 20. Qb4 Be6 21. Re1
O-O-O 22. a4 dxe4 23. Rxe4 Nd5 24. Qc5 Nxf4 25. Rxf4 Kb8 26. a5 Rd5 27. Qb4 Rhd8
28. Rhxh4 c5 29. Qb2 Rxd4 30. a6 b6 31. Rxd4 Rxd4 32. Rxd4 Qxd4 33. Qb5 Bd7 34.
Qb1 c4 35. Be2 Kc7 36. Qb4 Qa1+ 37. Qe1 Qxa6 38. g4 Qb5 39. Qc3 Qc5 40. Bxc4 Bb5
41. Qg3+ Kc8 42. Bxb5 Qxb5+ 43. Kg1 a5 44. Qc3+ Qc5 45. Qf6 a4 46. Qxf7 a3 47.
Qe6+ Kb7 48. Qf7+ Ka6 49. Kg2 Kb5 50. Qb3+ Ka5 51. f4 b5 52. g5 b4 53. g6 Qc6+
54. Kf2 Qb6+ 55. Kg2 Qxg6+ 56. Kf2 Qc6 57. f5 Qc5+ 58. Ke2 Qxf5 59. Kd2 Qf4+ 60.
Kc2 Qf2+ 61. Kb1 Qe1+ 62. Ka2 Qd2+ 63. Kb1 Kb5 64. Ka1 Qc3+ 0-1

[Event "Tata Steel India Blitz w"]
[Site "Kolkata IND"]
[Date "2024.11.17"]
[Round "12.5"]
[White "Divya, Deshmukh"]
[Black "Gunina, Valentina"]
[Result "0-1"]
[WhiteTitle "IM"]
[BlackTitle "GM"]
[WhiteElo "2493"]
[BlackElo "2425"]
[WhiteFideId "35006916"]
[BlackFideId "4167570"]
[EventDate "2024.11.16"]

1. e4 c5 2. Nf3 Nc6 3. Bb5 e6 4. O-O Nge7 5. d4 cxd4 6. Nxd4 Qb6 7. Nxc6 bxc6 8.
Be2 Ng6 9. c4 Be7 10. Nc3 O-O 11. Na4 Qc7 12. c5 f5 13. exf5 exf5 14. Bd2 d5 15.
cxd6 Bxd6 16. h3 Be6 17. Rc1 f4 18. Bf3 Ne5 19. Nc3 Qf7 20. Ne4 Be7 21. Bc3
Nxf3+ 22. Qxf3 Bxa2 23. Rfe1 Bd5 24. Qg4 a5 25. Ng5 Bxg5 26. Qxg5 h6 27. Qg4 Kh7
28. Re5 Qg6 29. Re7 Rf7 30. Rce1 Qxg4 31. hxg4 Ra7 32. Rxf7 Bxf7 33. Re5 Bd5 34.
Rf5 g5 35. Rf8 a4 36. Bd4 Re7 37. Rh8+ Kg6 38. Ra8 Bb3 39. Ra6 Re1+ 40. Kh2 Re6
41. Ra7 h5 42. gxh5+ Kxh5 43. g3 Kg4 44. gxf4 gxf4 45. Rg7+ Kf3 46. Rh7 Bd5 47.
Rh3+ Ke2 48. Rc3 Rh6+ 49. Rh3 Rg6 50. Rh8 Kf1 51. Kh3 Bf3 52. Be5 Bd5 53. Bxf4
Be6+ 54. Kh2 Rg2+ 55. Kh1 Bd5 56. f3 Bxf3 57. Be5 Rg5+ 58. Kh2 Rxe5 59. Kg3 Bd5
60. Rh4 Bb3 61. Kf4 Rc5 62. Kf3 Ke1 63. Ke3 Kd1 64. Kd3 Rd5+ 65. Kc3 Ke2 66. Rh6
Rc5+ 67. Kb4 Rc2 68. Ka3 Ke3 69. Rh3+ Ke4 70. Rh4+ Ke5 71. Rh5+ Kd6 72. Rh6+ Kc7
73. Rh7+ Kb6 74. Rh8 Rc1 75. Rb8+ Kc7 76. Rh8 Ra1+ 77. Kb4 Bd5 78. Kc3 a3 79.
bxa3 Rxa3+ 80. Kd4 Ra4+ 81. Ke5 Re4+ 82. Kf5 Kd6 0-1

[Event "Tata Steel India Blitz w"]
[Site "Kolkata IND"]
[Date "2024.11.17"]
[Round "13.1"]
[White "Gunina, Valentina"]
[Black "Vaishali, Rameshbabu"]
[Result "1-0"]
[WhiteTitle "GM"]
[BlackTitle "GM"]
[WhiteElo "2425"]
[BlackElo "2490"]
[WhiteFideId "4167570"]
[BlackFideId "5091756"]
[EventDate "2024.11.16"]

1. d4 Nf6 2. c4 e6 3. Nf3 Bb4+ 4. Bd2 Qe7 5. e3 b6 6. Bd3 Bb7 7. Nc3 Bxc3 8.
Bxc3 Ne4 9. Bxe4 Bxe4 10. O-O O-O 11. Nd2 Bb7 12. e4 f5 13. exf5 Rxf5 14. f4 Nc6
15. Ne4 Raf8 16. Qd2 Qh4 17. g3 Qh6 18. Rae1 a5 19. d5 exd5 20. cxd5 Nb4 21. d6
c5 22. a3 Nd5 23. Be5 Nf6 24. Bxf6 gxf6 25. Qd3 Rh5 26. Re2 Kh8 27. Rfe1 Rg8 28.
Qc3 Bxe4 29. Rxe4 Rxh2 30. Qf3 Rxb2 31. Re8 Qh2+ 32. Kf1 Qh3+ 33. Kg1 Rxe8 34.
Rxe8+ Kg7 35. Re1 h5 36. f5 h4 37. Re7+ Kf8 38. Qa8# 1-0

[Event "Tata Steel India Blitz w"]
[Site "Kolkata IND"]
[Date "2024.11.17"]
[Round "13.2"]
[White "Dronavalli, Harika"]
[Black "Kosteniuk, Alexandra"]
[Result "1/2-1/2"]
[WhiteTitle "GM"]
[BlackTitle "GM"]
[WhiteElo "2493"]
[BlackElo "2487"]
[WhiteFideId "5015197"]
[BlackFideId "4128125"]
[EventDate "2024.11.16"]

1. Nf3 d5 2. d4 Nf6 3. g3 g6 4. Bg2 Bg7 5. O-O O-O 6. c4 c6 7. b3 Bf5 8. Bb2
Nbd7 9. Nbd2 Re8 10. Nh4 Be6 11. Qc2 Rc8 12. e4 dxe4 13. Nxe4 Nxe4 14. Bxe4 Bh3
15. Rfe1 Nf6 16. Bh1 Qd7 17. Rad1 Bg4 18. Nf3 Qf5 19. Qxf5 Bxf5 20. Ne5 Rcd8 21.
Bf3 Nd7 22. Nxd7 Rxd7 23. g4 Be6 24. d5 Bxb2 25. dxe6 Rd4 26. Rxd4 Bxd4 27. Kg2
Rd8 28. exf7+ Kxf7 29. Rd1 Bb6 30. Rxd8 1/2-1/2

[Event "Tata Steel India Blitz w"]
[Site "Kolkata IND"]
[Date "2024.11.17"]
[Round "13.3"]
[White "Lagno, Kateryna"]
[Black "Goryachkina, Aleksandra"]
[Result "1/2-1/2"]
[WhiteTitle "GM"]
[BlackTitle "GM"]
[WhiteElo "2527"]
[BlackElo "2528"]
[WhiteFideId "14109336"]
[BlackFideId "4147103"]
[EventDate "2024.11.16"]

1. e4 c5 2. Nf3 Nc6 3. Bb5 g6 4. O-O Bg7 5. Re1 Nf6 6. e5 Nd5 7. Nc3 Nc7 8. Bxc6
dxc6 9. Ne4 b6 10. Nf6+ Kf8 11. Ne4 Bg4 12. h3 Bxf3 13. Qxf3 Ne6 14. d3 Qd5 15.
Nd2 Rd8 16. Qxd5 Rxd5 17. Nf3 Nd4 18. Nxd4 cxd4 19. Bf4 1/2-1/2

[Event "Tata Steel India Blitz w"]
[Site "Kolkata IND"]
[Date "2024.11.17"]
[Round "13.4"]
[White "Vantika, Agrawal"]
[Black "Dzagnidze, Nana"]
[Result "0-1"]
[WhiteTitle "IM"]
[BlackTitle "GM"]
[WhiteElo "2392"]
[BlackElo "2518"]
[WhiteFideId "25050389"]
[BlackFideId "13601903"]
[EventDate "2024.11.16"]

1. d4 Nf6 2. c4 e6 3. Nf3 b6 4. g3 c6 5. Bg2 d5 6. Nbd2 Ba6 7. Qc2 Be7 8. O-O
O-O 9. b3 c5 10. dxc5 bxc5 11. Bb2 Nbd7 12. Rfe1 Rc8 13. Rad1 h6 14. cxd5 exd5
15. e4 d4 16. Nc4 Nb6 17. Nfd2 Nfd7 18. e5 Nxc4 19. Nxc4 Nb6 20. Bf1 Bb7 21. Bg2
Bxg2 22. Kxg2 Qd5+ 23. f3 Rfd8 24. Bc1 Nxc4 25. bxc4 Qc6 26. Kf2 Rb8 27. f4 Rb4
28. Bd2 Ra4 29. f5 Qa6 30. e6 f6 31. Qe4 Rxa2 32. Kg1 Qxc4 33. Bf4 Qc2 34. Qxc2
Rxc2 35. Ra1 d3 36. Rxa7 Kf8 37. Rd1 c4 38. Rc7 d2 39. Kf2 c3 40. Ke2 Ba3 41.
Be3 Rc1 42. Rc6 Rxd1 43. Kxd1 Bb2 44. Kc2 d1=Q# 0-1

[Event "Tata Steel India Blitz w"]
[Site "Kolkata IND"]
[Date "2024.11.17"]
[Round "13.5"]
[White "Divya, Deshmukh"]
[Black "Koneru, Humpy"]
[Result "0-1"]
[WhiteTitle "IM"]
[BlackTitle "GM"]
[WhiteElo "2493"]
[BlackElo "2530"]
[WhiteFideId "35006916"]
[BlackFideId "5008123"]
[EventDate "2024.11.16"]

1. e4 e5 2. Nf3 Nc6 3. Nc3 Nf6 4. Bb5 Nd4 5. O-O c6 6. Bc4 b5 7. Bb3 Nxb3 8.
axb3 d6 9. d4 Qc7 10. Bg5 Be7 11. Qd3 O-O 12. b4 a6 13. d5 Bb7 14. Bxf6 Bxf6 15.
Nd2 c5 16. bxc5 Qxc5 17. Nb3 Qb6 18. Na5 Bc8 19. Nd1 Bd7 20. b4 Bg5 21. Nb2 Rac8
22. Ra3 f5 23. c3 fxe4 24. Qxe4 Rf4 25. Qe2 Rcf8 26. Nd3 R4f7 27. Kh1 h6 28. Ra2
Rc8 29. Rc2 Bf5 30. f3 Rfc7 31. g4 Bg6 32. Nc6 Be8 33. Nf2 Bxc6 34. dxc6 Rxc6
35. Ne4 Bf4 36. Rd1 Rd8 37. Rd5 Qc7 38. Qd3 Kh8 39. Kg2 Rd7 40. Ra2 Rd8 41. Ra1
Bg5 42. Rd1 Be7 43. Kg3 Rd7 44. h4 Rd8 45. g5 Qc8 46. Kf2 Qh3 47. Rg1 Qxh4+ 48.
Ke2 Qh2+ 49. Kf1 Rf8 50. Rg2 Qh1+ 51. Kf2 Qh4+ 52. Ke2 Rc4 53. gxh6 Qxh6 54.
Nxd6 Rcf4 55. Qe3 Bxd6 56. Qg1 Kg8 57. Rxd6 Qxd6 58. Rxg7+ Kh8 59. Rg2 Rh4 60.
Qa7 Qf6 61. Rg3 Rh2+ 62. Kf1 Rh1+ 63. Kg2 Qh6 64. Kf2 Qh2+ 65. Rg2 Qh4+ 66. Ke2
Re1+ 67. Kd2 Rd8+ 68. Kc2 Qh7+ 69. Qxh7+ Kxh7 70. Kb3 Re3 71. Ra2 Rd6 72. Rh2+
Kg6 73. Rh8 Rxf3 74. Re8 Kf5 75. Rf8+ Ke4 76. Rh8 Rc6 0-1

[Event "Tata Steel India Blitz w"]
[Site "Kolkata IND"]
[Date "2024.11.17"]
[Round "14.1"]
[White "Dzagnidze, Nana"]
[Black "Lagno, Kateryna"]
[Result "0-1"]
[WhiteTitle "GM"]
[BlackTitle "GM"]
[WhiteElo "2518"]
[BlackElo "2527"]
[WhiteFideId "13601903"]
[BlackFideId "14109336"]
[EventDate "2024.11.16"]

1. d4 Nf6 2. c4 e6 3. Nc3 d5 4. Bg5 Be7 5. e3 O-O 6. Nf3 h6 7. Bh4 b6 8. cxd5
Nxd5 9. Bxe7 Qxe7 10. Rc1 Bb7 11. Be2 Nf6 12. O-O Nbd7 13. Nb5 c5 14. dxc5 Nxc5
15. Qd6 Qxd6 16. Nxd6 Bd5 17. b4 Nce4 18. Nxe4 Nxe4 19. a3 a5 20. Nd4 axb4 21.
axb4 Rfc8 22. f3 Nc3 23. Bd3 Na2 24. Rb1 Rc3 25. Rfd1 Raa3 26. Nb5 Rxd3 27. Nxa3
Rxa3 28. e4 Bc4 29. b5 Nc3 30. Rd8+ Kh7 31. Rb4 Bxb5 32. Rc8 Ba6 33. Rc7 b5 34.
Rxf7 Ra4 35. Rb2 Ra1+ 36. Kf2 Nd1+ 0-1

[Event "Tata Steel India Blitz w"]
[Site "Kolkata IND"]
[Date "2024.11.17"]
[Round "14.2"]
[White "Koneru, Humpy"]
[Black "Vantika, Agrawal"]
[Result "0-1"]
[WhiteTitle "GM"]
[BlackTitle "IM"]
[WhiteElo "2530"]
[BlackElo "2392"]
[WhiteFideId "5008123"]
[BlackFideId "25050389"]
[EventDate "2024.11.16"]

1. d4 Nf6 2. c4 e6 3. Nf3 d5 4. Nc3 Bb4 5. Qb3 a5 6. a3 a4 7. Qc2 Bxc3+ 8. Qxc3
Ne4 9. Qc2 O-O 10. e3 Nc6 11. Bd3 f5 12. O-O Bd7 13. Nd2 Na5 14. f3 Nxd2 15.
Bxd2 Nb3 16. Rad1 h6 17. Bc3 Qg5 18. Qe2 Rae8 19. Bc2 Bc6 20. f4 Qh4 21. c5 Kh8
22. Be1 Qf6 23. Qd3 Rg8 24. Bg3 Kh7 25. Bxb3 axb3 26. Qxb3 g5 27. fxg5 Qxg5 28.
Rd2 h5 29. Rf4 Rg6 30. Qd1 Kg8 31. Qf3 Kf7 32. Rh4 Rh8 33. Rh3 h4 34. Bxc7 Qg4
35. Rf2 Ke8 36. Bf4 Bb5 37. Kh1 Bd3 38. Be5 Rh7 39. Rd2 Be4 40. Qxg4 fxg4 0-1

[Event "Tata Steel India Blitz w"]
[Site "Kolkata IND"]
[Date "2024.11.17"]
[Round "14.3"]
[White "Goryachkina, Aleksandra"]
[Black "Dronavalli, Harika"]
[Result "1/2-1/2"]
[WhiteTitle "GM"]
[BlackTitle "GM"]
[WhiteElo "2528"]
[BlackElo "2493"]
[WhiteFideId "4147103"]
[BlackFideId "5015197"]
[EventDate "2024.11.16"]

1. e4 e6 2. d4 d5 3. Nc3 Bb4 4. exd5 exd5 5. Bd3 c6 6. Ne2 Bg4 7. O-O Ne7 8. Bf4
O-O 9. Qd2 Bf5 10. a3 Bd6 11. Bg3 Bxd3 12. Qxd3 Na6 13. Rfe1 Nc7 14. Nd1 Re8 15.
Ne3 Ne6 16. c3 Bxg3 17. hxg3 Qd7 18. Nc1 Qd6 19. Nb3 Nf8 20. Re2 b6 21. Rae1 Qd7
22. Nd2 Nfg6 23. Nf3 c5 24. c4 dxc4 25. Qxc4 cxd4 26. Qxd4 Qxd4 27. Nxd4 Red8
28. Nef5 Nxf5 29. Nxf5 Rac8 30. Ne7+ Nxe7 31. Rxe7 a5 32. Rb7 Rc6 33. g4 h6 34.
Ree7 Rf6 35. Red7 Re8 36. Re7 Rd8 37. Red7 Re8 38. Re7 Rd8 1/2-1/2

[Event "Tata Steel India Blitz w"]
[Site "Kolkata IND"]
[Date "2024.11.17"]
[Round "14.4"]
[White "Kosteniuk, Alexandra"]
[Black "Gunina, Valentina"]
[Result "1-0"]
[WhiteTitle "GM"]
[BlackTitle "GM"]
[WhiteElo "2487"]
[BlackElo "2425"]
[WhiteFideId "4128125"]
[BlackFideId "4167570"]
[EventDate "2024.11.16"]

1. e4 c5 2. c3 Nf6 3. e5 Nd5 4. Bc4 Nb6 5. Bb3 c4 6. Bc2 Nc6 7. Nf3 g6 8. O-O
Bg7 9. Qe2 d6 10. exd6 Qxd6 11. Na3 Qe6 12. Qd1 O-O 13. b3 cxb3 14. axb3 Qf6 15.
h3 Bf5 16. d4 e5 17. Bg5 Qe6 18. Re1 Bxc2 19. Qxc2 f6 20. Bd2 Rad8 21. dxe5 fxe5
22. Bg5 Rd7 23. Nb5 a6 24. Nbd4 Nxd4 25. cxd4 Rdf7 26. Bh4 Rxf3 27. gxf3 Qxh3
28. Bg3 Rxf3 29. dxe5 Nd5 30. Qe4 Rxg3+ 31. fxg3 Qxg3+ 32. Qg2 Qxb3 33. Rab1 Qc4
34. Rbc1 Qd4+ 35. Kh1 Bxe5 36. Qg5 Bf6 37. Qh6 Ne7 38. Rc8+ 1-0

[Event "Tata Steel India Blitz w"]
[Site "Kolkata IND"]
[Date "2024.11.17"]
[Round "14.5"]
[White "Vaishali, Rameshbabu"]
[Black "Divya, Deshmukh"]
[Result "1-0"]
[WhiteTitle "GM"]
[BlackTitle "IM"]
[WhiteElo "2490"]
[BlackElo "2493"]
[WhiteFideId "5091756"]
[BlackFideId "35006916"]
[EventDate "2024.11.16"]

1. e4 e6 2. d4 d5 3. Nc3 Nf6 4. exd5 exd5 5. Bg5 Be7 6. Qd2 Be6 7. O-O-O Nc6 8.
Re1 Qd7 9. Nf3 O-O-O 10. Bb5 Bd6 11. Ne5 Bxe5 12. dxe5 Ne4 13. Nxe4 dxe4 14.
Bxd8 Qxd2+ 15. Kxd2 Rxd8+ 16. Kc1 Nxe5 17. Rxe4 Rd5 18. Be2 Ra5 19. a3 Nd7 20.
Rd1 Rg5 21. g3 c6 22. f4 Rg6 23. Red4 Nf6 24. Bc4 Bxc4 25. Rxc4 Rh6 26. Rd2 Rh5
27. Rcd4 a5 28. Rd8+ Kc7 29. Rf8 Kb6 30. Rxf7 Ne4 31. Re2 Nc5 32. Rxg7 a4 33. h4
Rd5 34. Rxh7 Rd4 35. Rhe7 Rc4 36. Kd2 Rd4+ 37. Ke1 Rd8 38. h5 Rg8 39. h6 Rxg3
40. Rh2 1-0

[Event "Tata Steel India Blitz w"]
[Site "Kolkata IND"]
[Date "2024.11.17"]
[Round "15.1"]
[White "Divya, Deshmukh"]
[Black "Kosteniuk, Alexandra"]
[Result "1-0"]
[WhiteTitle "IM"]
[BlackTitle "GM"]
[WhiteElo "2493"]
[BlackElo "2487"]
[WhiteFideId "35006916"]
[BlackFideId "4128125"]
[EventDate "2024.11.16"]

1. e4 c6 2. d4 d5 3. e5 c5 4. Nf3 Nc6 5. dxc5 Bg4 6. Bb5 Qa5+ 7. Nc3 e6 8. Bd2
Qc7 9. O-O Ne7 10. b4 Ng6 11. h3 Bxf3 12. Qxf3 Nxe5 13. Qg3 O-O-O 14. Bf4 f6 15.
Rfe1 g5 16. Bxe5 Nxe5 17. Ne2 a6 18. Ba4 Nc6 19. Bxc6 Qxg3 20. Nxg3 bxc6 21.
Rxe6 Kd7 22. Rae1 a5 23. a3 axb4 24. axb4 Rb8 25. Nh5 Rxb4 26. Nxf6+ Kc7 27.
Ne8+ Kd7 28. Nf6+ Kc7 29. Ne8+ Kd7 30. Nd6 Rb1 31. Nf7 Rxe1+ 32. Rxe1 Rg8 33.
Ne5+ Kc7 34. Nd3 g4 35. hxg4 Rxg4 36. Re8 Bg7 37. Re7+ Kd8 38. Ra7 h5 39. f3 Rg5
40. f4 Rg4 41. Kf2 h4 42. Kf1 Bd4 43. Rh7 Be3 44. Ke2 Bxf4 45. Kf3 Rg3+ 46. Kxf4
Rxg2 47. Rxh4 Rxc2 48. Rh7 Re2 49. Ne5 Rf2+ 50. Ke3 Rf6 51. Kd4 Rf4+ 52. Kd3 Rf6
53. Ra7 Kc8 54. Rg7 Rh6 55. Nf7 Rh3+ 56. Kd4 Rh4+ 57. Ke5 Re4+ 58. Kd6 d4 59.
Kxc6 Kb8 60. Nd6 Re1 61. Rg8+ Ka7 62. Nb5+ Ka6 63. Ra8# 1-0

[Event "Tata Steel India Blitz w"]
[Site "Kolkata IND"]
[Date "2024.11.17"]
[Round "15.2"]
[White "Vaishali, Rameshbabu"]
[Black "Koneru, Humpy"]
[Result "0-1"]
[WhiteTitle "GM"]
[BlackTitle "GM"]
[WhiteElo "2490"]
[BlackElo "2530"]
[WhiteFideId "5091756"]
[BlackFideId "5008123"]
[EventDate "2024.11.16"]

1. Nf3 d5 2. e3 Nf6 3. c4 e6 4. b3 c5 5. Bb2 Nc6 6. cxd5 exd5 7. Bb5 Bd6 8. Ne5
Qc7 9. f4 O-O 10. Bxc6 bxc6 11. O-O Nd7 12. Qh5 g6 13. Nxd7 Qxd7 14. Qh4 Be7 15.
Qh6 d4 16. Na3 Bf6 17. Nc4 Ba6 18. Rac1 Bg7 19. Qh4 Bxc4 20. Rxc4 dxe3 21. Bxg7
e2 22. Re1 Kxg7 23. Rxe2 Rae8 24. Qf2 Qd3 25. Re3 Qb1+ 26. Qf1 Qxa2 27. f5 Qxd2
28. Rxe8 Rxe8 29. Rc1 Qd4+ 30. Kh1 Re4 31. Rd1 Qf6 32. Qf3 Qxf5 33. Qc3+ Qe5 34.
Qc1 a5 35. Rf1 h5 36. h3 a4 37. bxa4 Rxa4 38. Qb1 Re4 39. Qc1 c4 40. Qd1 c3 41.
Qf3 f6 42. Qf2 Kh6 43. h4 Qd4 44. Qg3 Rxh4+ 0-1

[Event "Tata Steel India Blitz w"]
[Site "Kolkata IND"]
[Date "2024.11.17"]
[Round "15.3"]
[White "Gunina, Valentina"]
[Black "Goryachkina, Aleksandra"]
[Result "0-1"]
[WhiteTitle "GM"]
[BlackTitle "GM"]
[WhiteElo "2425"]
[BlackElo "2528"]
[WhiteFideId "4167570"]
[BlackFideId "4147103"]
[EventDate "2024.11.16"]

1. d4 Nf6 2. c4 e6 3. Nf3 d5 4. Nc3 Nbd7 5. Bf4 dxc4 6. e3 Bd6 7. Bxd6 cxd6 8.
Bxc4 Nb6 9. Bd3 Nbd5 10. Nxd5 Nxd5 11. O-O O-O 12. Rc1 Bd7 13. Qd2 f5 14. e4
fxe4 15. Bxe4 Nf4 16. Rfe1 Qf6 17. Bxb7 Rab8 18. Be4 d5 19. Bb1 Nxg2 20. Bxh7+
Kxh7 21. Ng5+ Kg6 22. Re5 Nf4 23. Rc3 Qxg5+ 24. Rxg5+ Kxg5 25. Rg3+ Kh6 26. h4
Rf5 27. Kh2 Rbf8 28. Rg4 Kh7 29. Rg5 Ng6 30. Rxf5 Rxf5 31. Kg3 a6 32. Qe2 a5 33.
b3 Nf4 34. Qc2 Nh5+ 35. Kg2 Nf4+ 36. Kh2 Ng6 37. Kg3 Bb5 38. f3 Nf4 39. Kf2 Nd3+
40. Ke3 Nf4 41. Qc5 Be8 42. Qxa5 Bh5 43. Qd2 Ng6 44. Qg2 Nxh4 45. Qh2 Rxf3+ 46.
Kd2 g5 47. Qc7+ Kg6 48. Qe7 Rf6 49. a4 g4 50. Qe8+ Kg5 51. Qg8+ Ng6 52. a5 g3
53. Qb8 Rf4 54. Qd8+ Kg4 55. Qc8 Re4 56. a6 g2 57. Qc1 Rxd4+ 58. Kc3 Rf4 59. Qg1
Rf3+ 60. Kb4 Kh3 61. a7 Rf1 62. Qe3+ Rf3 63. Qg5 Rg3 64. Qxh5+ Nh4 65. a8=Q g1=Q
66. Qe5 Qb6+ 67. Ka4 Qxb3+ 68. Ka5 Qa3+ 69. Kb6 Qxa8 70. Qxe6+ Kh2 71. Qe2+ Ng2
72. Qh5+ Kg1 73. Qd1+ Kf2 74. Qd2+ Kf3 75. Qc3+ Kg4 76. Qg7+ Kh3 77. Qh7+ Nh4
78. Qd7+ Rg4 79. Qe6 Qb8+ 80. Kc6 Qf4 81. Qe1 Qc4+ 82. Kd7 Qa4+ 83. Kd6 Qb4+ 0-1

[Event "Tata Steel India Blitz w"]
[Site "Kolkata IND"]
[Date "2024.11.17"]
[Round "15.4"]
[White "Dronavalli, Harika"]
[Black "Dzagnidze, Nana"]
[Result "1/2-1/2"]
[WhiteTitle "GM"]
[BlackTitle "GM"]
[WhiteElo "2493"]
[BlackElo "2518"]
[WhiteFideId "5015197"]
[BlackFideId "13601903"]
[EventDate "2024.11.16"]

1. Nf3 Nf6 2. g3 b5 3. Bg2 Bb7 4. O-O e6 5. d3 d5 6. a4 b4 7. Nbd2 Be7 8. e4
dxe4 9. Ng5 Nbd7 10. Ngxe4 Nxe4 11. Nxe4 O-O 12. a5 a6 13. Nf6+ Bxf6 14. Bxb7
Ra7 15. Bg2 c5 16. Ra2 Nb8 17. Be3 Bd4 18. Bd2 Rd7 19. Qe2 Qf6 20. Be3 Rfd8 21.
Bc1 g6 22. h4 Qe5 23. Qxe5 Bxe5 24. Re1 Bd4 25. Bf4 Kg7 26. Rc1 Bf6 27. Be4 h6
28. c3 g5 29. hxg5 hxg5 30. Be3 bxc3 31. bxc3 c4 32. dxc4 Rd1+ 33. Rxd1 Rxd1+
34. Kg2 Nd7 35. Rd2 Rxd2 36. Bxd2 Nc5 37. Bc2 g4 38. Bd1 Be5 39. Bxg4 Nb3 40.
Be1 Bd6 41. c5 Bxc5 42. Be2 Nxa5 43. Bxa6 Nc6 44. Be2 f5 45. Bd2 Kf6 46. Bf3 Ne5
47. Be2 Nd7 48. c4 e5 49. Bd1 e4 50. Bc3+ Ke6 51. Ba4 Ne5 52. Bb5 Kd6 53. Ba5
Nd3 54. Bd8 Nxf2 55. Bg5 Nd3 56. Bf4+ Nxf4+ 57. gxf4 Be3 58. Kg3 Kc5 59. Bd7
Kxc4 60. Bxf5 Bxf4+ 61. Kxf4 e3 62. Kxe3 1/2-1/2

[Event "Tata Steel India Blitz w"]
[Site "Kolkata IND"]
[Date "2024.11.17"]
[Round "15.5"]
[White "Lagno, Kateryna"]
[Black "Vantika, Agrawal"]
[Result "1-0"]
[WhiteTitle "GM"]
[BlackTitle "IM"]
[WhiteElo "2527"]
[BlackElo "2392"]
[WhiteFideId "14109336"]
[BlackFideId "25050389"]
[EventDate "2024.11.16"]

1. e4 e6 2. Nf3 d5 3. Nc3 Nf6 4. e5 Nfd7 5. d4 c5 6. Ne2 Nc6 7. c3 Be7 8. a3 O-O
9. Nf4 Qa5 10. Bd3 Nxd4 11. Nxd4 cxd4 12. Qh5 g6 13. Nxg6 fxg6 14. Bxg6 hxg6 15.
Qxg6+ Kh8 16. Qh5+ Kg8 17. Qg6+ Kh8 18. Bh6 Rg8 19. Qh5 Rxg2 20. Kf1 Qd8 21.
Kxg2 Qg8+ 22. Bg5+ Kg7 23. Bxe7 Qh7 24. Bf6+ Kg8 25. Qe8+ Nf8 26. Rhg1 Qe4+ 27.
Kh3+ Kh7 28. Qh5# 1-0

[Event "Tata Steel India Blitz w"]
[Site "Kolkata IND"]
[Date "2024.11.17"]
[Round "16.1"]
[White "Vantika, Agrawal"]
[Black "Dronavalli, Harika"]
[Result "1-0"]
[WhiteTitle "IM"]
[BlackTitle "GM"]
[WhiteElo "2392"]
[BlackElo "2493"]
[WhiteFideId "25050389"]
[BlackFideId "5015197"]
[EventDate "2024.11.16"]

1. d4 d5 2. c4 e6 3. Nf3 Nf6 4. g3 Be7 5. Bg2 O-O 6. Nc3 dxc4 7. Ne5 Nc6 8. Bxc6
bxc6 9. Nxc6 Qe8 10. Nxe7+ Qxe7 11. Qa4 a5 12. Bg5 Qd7 13. Bxf6 Qxa4 14. Nxa4
gxf6 15. Rc1 Ba6 16. Nc5 Rfb8 17. Rc2 f5 18. Kd2 Rb4 19. a3 Rb6 20. Kc3 Bb5 21.
f3 a4 22. Rd2 Rd8 23. e3 Kg7 24. h3 Bc6 25. Rf1 Rdb8 26. g4 fxg4 27. hxg4 h6 28.
e4 Rb3+ 29. Nxb3 Rxb3+ 30. Kc2 Bb5 31. Rff2 c3 32. bxc3 Rxa3 33. f4 Bc4 34. f5
Rb3 35. Rd1 Rb6 36. Ra1 Ra6 37. Ra3 Bb3+ 38. Kd3 Rb6 39. e5 Rb8 40. f6+ Kg6 41.
Rh2 Rh8 42. c4 Kg5 43. Ra1 Kf4 44. Rf1+ Kg3 45. Rhh1 a3 46. Kc3 Ba4 47. Kb4 Bc6
48. Rhg1+ Kh4 49. Kxa3 Kg5 50. Kb4 Be4 51. Kc5 Ra8 52. Ra1 Rb8 53. Ra7 Rc8 54.
d5 exd5 55. cxd5 Rd8 56. Rd1 Kxg4 57. Rxc7 Bg6 58. d6 Kf5 59. d7 Ke6 60. Rd6+
Kxe5 61. Rc8 Rxd7 62. Rxd7 Bf5 63. Re7+ Kxf6 64. Rcc7 Be6 65. Kd4 h5 66. Ke3 h4
67. Kf2 h3 68. Kg3 Kg5 69. Rxf7 1-0

[Event "Tata Steel India Blitz w"]
[Site "Kolkata IND"]
[Date "2024.11.17"]
[Round "16.2"]
[White "Dzagnidze, Nana"]
[Black "Gunina, Valentina"]
[Result "1/2-1/2"]
[WhiteTitle "GM"]
[BlackTitle "GM"]
[WhiteElo "2518"]
[BlackElo "2425"]
[WhiteFideId "13601903"]
[BlackFideId "4167570"]
[EventDate "2024.11.16"]

1. d4 d5 2. c4 c6 3. Nf3 Nf6 4. cxd5 cxd5 5. Nc3 Nc6 6. Bf4 a6 7. e3 Bg4 8. Rc1
e6 9. Be2 Bd6 10. Bg5 O-O 11. O-O h6 12. Bh4 Be7 13. h3 Bh5 14. Ne1 Bg6 15. Nd3
Ne4 16. Bxe7 Qxe7 17. Nxe4 dxe4 18. Nf4 Bh7 19. Qb3 Rab8 20. a3 Rfd8 21. Qb6 g5
22. Nh5 Bg6 23. Rc5 Rd6 24. Qb3 Rbd8 25. Ng3 Rd5 26. Rxd5 exd5 27. Rc1 f5 28.
Bxa6 f4 29. Nf1 Nxd4 30. Qb6 Ne6 31. Bxb7 f3 32. Rc6 Bf7 33. Ba6 fxg2 34. Ng3
Qf6 35. Rc8 Rxc8 36. Bxc8 Kh7 37. Bxe6 Bxe6 38. Qd6 Qf7 39. Kxg2 Qf3+ 40. Kg1
Bxh3 41. Qe7+ Kg6 42. Qe8+ Kg7 43. Qe7+ Kg6 44. Qe8+ Kg7 45. Nh5+ Kh7 46. Qe7+
Kg6 47. Qe8+ Kh7 48. Qe7+ Kg6 49. Qe8+ 1/2-1/2

[Event "Tata Steel India Blitz w"]
[Site "Kolkata IND"]
[Date "2024.11.17"]
[Round "16.3"]
[White "Koneru, Humpy"]
[Black "Lagno, Kateryna"]
[Result "1/2-1/2"]
[WhiteTitle "GM"]
[BlackTitle "GM"]
[WhiteElo "2530"]
[BlackElo "2527"]
[WhiteFideId "5008123"]
[BlackFideId "14109336"]
[EventDate "2024.11.16"]

1. d4 Nf6 2. c4 e6 3. Nf3 d5 4. Nc3 Be7 5. Bg5 O-O 6. e3 h6 7. Bh4 b6 8. Rc1 Bb7
9. Bd3 dxc4 10. Bxc4 Ne4 11. Bxe7 Qxe7 12. O-O Nd7 13. Nxe4 Bxe4 14. Bb5 Qd6 15.
Qa4 Bxf3 16. Bxd7 Bd5 17. Bc6 Rac8 18. Bxd5 exd5 19. Rc6 Qd7 20. Rfc1 a5 21. Qc2
Qg4 22. h3 Qg5 23. Rxc7 Rce8 24. Qb3 Re6 25. R1c6 Rfe8 26. Rxe6 Rxe6 27. Rd7 Rc6
28. Qxd5 Rc1+ 29. Kh2 Qxd5 30. Rxd5 Rc2 31. Rb5 Rxf2 32. Kg3 Rf6 33. e4 Kf8 34.
e5 Rg6+ 35. Kf3 Ke7 36. g4 Kd7 37. d5 Kc7 38. Rb3 h5 39. gxh5 Rg1 40. Rc3+ Kd7
41. Rc6 Rf1+ 42. Kg3 Rf5 43. Rxb6 Rxe5 44. Rb5 Re2 45. Kf3 Rh2 46. Kg3 Re2 47.
a4 Kd6 48. b3 Re5 49. Rxa5 Re3+ 50. Kf4 Rxb3 51. h4 Rh3 52. Kg4 Rh1 53. Rb5 Rg1+
54. Kf4 Rf1+ 55. Kg3 Rg1+ 56. Kf2 Rg4 57. a5 Rxh4 58. Rb7 Ra4 59. Rxf7 Rxa5 60.
Rxg7 Rxd5 61. h6 Rh5 62. h7 Ke6 63. Kg3 Kf6 64. Ra7 Kg6 65. Kg4 Rxh7 66. Rxh7
Kxh7 1/2-1/2